书目信息 |
| 题名: |
计算机网络
|
|
| 作者: | 雷震甲 编著 | |
| 分册: | ||
| 出版信息: | 西安 西北电子科技大学出版社 1999.02 |
|
| 页数: | 314页 | |
| 开本: | 16开 | |
| 丛书名: | ||
| 单 册: | ||
| 中图分类: | TP393 | |
| 科图分类: | ||
| 主题词: | 计算机应用 | |
| 电子资源: | ||
| ISBN: | 7-5606-0558-3 | |
| 000 | 00547nam0 2200193 45 | |
| 001 | 0009220933 | |
| 005 | 20000922094410.5 | |
| 010 | @a7-5606-0558-3@d18.00元 | |
| 100 | @a20000922d1999 km y0chiy0120 ea | |
| 101 | 0 | @achi |
| 105 | @a z 000yy | |
| 200 | 1 | @a计算机网络@AJi Suan Ji Wang Luo@f雷震甲编著@FLei Zhen Jia Bian Zhu |
| 210 | @a西安@c西北电子科技大学出版社@d1999.02 | |
| 215 | @a314页@d16开 | |
| 606 | 0 | @a计算机应用 |
| 690 | @aTP393@v3 | |
| 701 | 0 | @a雷震甲@4编著 |
| 801 | @aCN@bPftUser@c20000922 | |
| 905 | @b150759-763@dTP393@eL363@f5 | |
| 计算机网络/雷震甲编著.-西安:西北电子科技大学出版社,1999.02 |
| 314页;16开 |
| ISBN 7-5606-0558-3:18.00元 |
| ● |
| 相关链接 |
|
|
|
正题名:计算机网络
索取号:TP393/L363
 
预约/预借
| 序号 | 登录号 | 条形码 | 馆藏地/架位号 | 状态 | 备注 |
| 1 | 150759 | 201507592 | 自科库301/ [索取号:TP393/L363] | 在馆 | |
| 2 | 150760 | 201507609 | 自科二线504/504自科库 2排3列2层/ [索取号:TP393/L363] | 在馆 | |
| 3 | 150761 | 201507618 | 期刊室512/301自科库 116排1列2层/ [索取号:TP393/L363] | 在馆 | |
| 4 | 150762 | 201507627 | 自科二线504/504自科库 2排3列2层/ [索取号:TP393/L363] | 在馆 | |
| 5 | 150763 | 201507636 | 自科二线504/504自科库 1排1列3层/ [索取号:TP393/L363] | 在馆 |